MDQL
is popping MORE tags! Check the
thread
!
Quizzes
Events
Quiz Creation
Community
Videos
Private Events
Remove Ads
Sign In
Join for FREE
Feedback
Dark Mode
Quiz Categories
Sports
Geography
Music
Movies
Television
Just For Fun
Miscellaneous
History
Literature
Language
Science
Gaming
Entertainment
Religion
Holiday
For Kids
Quiz Lab
Recent
Popular Today
Quiz Kudos Today
Editor Picks
Curator Picks
Quizzes by...
Day
Popularity
Type
Ratings
Length
Year
Community
Subscriptions
Recent Discussions
Orange Saloon
Badges
Playlists
Quests
Create
Leaderboards
Showdown
Live 5
Trivia Bingo
Activity
Puzzle Library
Sporcle Events
Private Events
Virtual Trivia
Globe League
Become a Host
Pub Owners
SporcleCon
Opinionation
Our Games
Videos
Blog
Mobile Apps
Partnerships
Remove Ads and Go Orange
Feedback
Holiday
Halloween
Christmas
Holiday Songs
April Fools'
Thanksgiving
Valentine's Day
Easter
St Patrick's Day
National Holiday
Religious Holiday
Holiday
Halloween
Christmas
Holiday Songs
April Fools'
Thanksgiving
Valentine's Day
Easter
St Patrick's Day
National Holiday
Religious Holiday
Random Quiz
Search Sporcle
×
Quiz Lab
Quiz Lab
Holiday
Brewery
Type in answers that appear in a list
Type in answers that appear in a list
Classic
Best Score? Go Orange.
Oktoberfest Tents Stats
Can you name the the 14 big Oktoberfest tents?
By
R2mboo
3m
14 Questions
86 Plays
86 Plays
86 Plays
Comments
Comments
Give Quiz Kudos
Give Quiz Kudos
-
- Ratings
hide this ad
Replay
Link that replays current quiz
Next Quiz
Link to next quiz in quiz playlist
You Got
0%
They Got
Avg Score
46%
Avg Friend Score
Upgrade to see
Score Distribution
Jump to the score distribution portion of the page
Score
0/14
Timer
03:00
0
Plays Today
Tent
% Correct
Das Hofbräu-Festzelt
70.9%
Das Hacker-Festzelt
70.9%
Die Augustiner-Festhalle
69.8%
Die Löwenbräu-Festhalle
66.3%
Die Ochsenbraterei
44.2%
Das Hippodrom
41.9%
Die Fischer-Vroni
41.9%
Tent
% Correct
Das Schützen-Festzelt
40.7%
Käfer's Wies'n-Schänke
40.7%
Das Weinzelt
38.4%
Schottenhamel
37.2%
Die Armbrustschützen-Festhalle
34.9%
Die Bräurosl
34.9%
Das Winzerer Fähndl
22.1%
Quiz Playlist
Details
Report
Send in Message
Add To Playlist
Classic:
Type in answers that appear in a list
Quiz Source
Last Updated: Feb 16, 2017
Quiz Scoreboard
CHALLENGE
Sign Up to Join the Scoreboard
Show All
Scores
Hide
Comments
May contain spoilers
Recently Published
5x2 Blitz: Bands
by SL_Kpop136
Music
30s
Colored Red Africa Blitz
by spor1
Geography
30s
Find the 'City' Movie
by crazypaving
Movies
60s
More to Explore
Quiz From the Vault
Featured Blog Post
14 Easter Pick-up Lines to Find Eggs With
hide this ad
You Might Also Like...
Tags
Brewery
tent
Today's Top Quizzes in Holiday
Browse Holiday
hide this ad
Top Contributed Quizzes in Holiday
1
Pick the Easter Eggs hidden in the Garden
2
New Year’s Party Puzzle
3
5-to-1: Thanksgiving
4
5-to-1: Holiday Songs
5
Thanksgiving Dinner by Criteria
6
April Fools' Zebra Puzzle
7
Easter Teddy Bears
8
Easter - Did You Know?
9
Christmas Pick: Easter
10
Holidays Spelling Bee
Explore More
Trending Topics
Kpop
Anime
Marvel
Disney
Crossword
NBA
Harry Potter
WWE
NFL
Pokémon
The Office
Soccer
Country
Puzzle
Song
hide this ad
More By:
R2mboo
Quiz
Plays
Rating
Category
Featured
Created
Capitals of the Caribbean
5,213
3.50
Geography
Nov 21, 2010
Germany, Benelux and France regions
1,908
4.36
Geography
Jul 10, 2012
Prime Ministers of the Netherlands
519
4.33
History
Jan 27, 2011
City Profile: Nijmegen
348
3.25
Geography
Jul 10, 2012
Scooter Lyrics
139
5.00
Music
Oct 22, 2010
Go to Creator's Profile
Score Distribution
Quiz Creator Spotlight
R2mboo
Follow
Send a Message
Quizzes Created
-
Created Quiz Play Count
-
More By This Creator
Popular Quizzes Today
1
Colored Red Africa Blitz
2
Find the 'City' Movie
3
Find the US States - No Outlines Minefield
4
5x2 Blitz: Bands
5
The Countries of the World
6
Find the US States
7
US States
8
9x9 Crossword: Cartoon Network
More Holiday Quizzes
Santa's Reindeer Crossword
Quiz Lab
Trending Quizzes
Colored Red Europe Blitz I
Colored Red Europe Blitz II
Colored Red Africa Blitz II
Colored Red Europe Blitz III
Colored Red Africa Blitz III
Recently Updated
How Do You Spell That?
pecheneg
Godzilla Movies
pecheneg
Grab Bag: 4-10 Letters
pecheneg
2024 March Madness Bracket
pecheneg
Famous TV Couples
Peacemaker
Champions League XIs: Real Madrid
pecheneg
Largest US Cities 1790-2010
pecheneg
Rides in Walt Disney World
pecheneg
Most Oscar Losses (Acting)
pecheneg
Beyoncé Albums
pecheneg
Trending Topics
Harry Potter
Crossword
Anime
Disney
NBA
Kpop
Marvel
The Office
Puzzle
Country
Soccer
NFL
WWE
Song
Pokémon
Your Account Isn't Verified!
In order to create a playlist on Sporcle, you need to verify the email address you used during registration. Go to your
Sporcle Settings
to finish the process.
Report this User
Report this user for behavior that violates our
Community Guidelines
.
Details:
Send Report
Go to the Sporcle.com Mobile Site →
Comments